[Event "EU-chT Seniors 65"]
[Site "Swidnica"]
[Date "2025.04.13"]
[Round "9.1"]
[White "Beilfuss, Wilfried"]
[Black "Rooze, Jan"]
[Result "1-0"]
[WhiteElo "2070"]
[BlackElo "2198"]
[PlyCount "65"]
[EventDate "2025.04.05"]
[EventType "team-tourn"]
[EventRounds "9"]
[EventCountry "POL"]
[SourceTitle "CB16_2025"]
[SourceDate "2025.04.16"]
[SourceVersion "1"]
[SourceVersionDate "2025.04.16"]
[SourceQuality "1"]
[WhiteTeam "Osnabruck 65"]
[BlackTeam "Belgium 65"]
[WhiteTeamCountry "GER"]
[BlackTeamCountry "BEL"]

1. d4 Nf6 2. Nf3 e6 3. g3 c5 4. Bg2 cxd4 5. 0-0 d5 6. Nxd4 e5 7. Nf3 Nc6 8. c4 d4 9. e3 Be7 10. exd4 exd4 11. Bf4 0-0 12. Ne5 Qb6 13. Re1 Be6 14. Nd2 Rac8 15. a3 a5 16. Nd3 Rfe8 17. Rc1 h6 18. Ne4 Nxe4 19. Bxe4 Bf6 20. b4 axb4 21. axb4 Ra8 22. Bd2 Ra2 23. Rc2 Rea8 24. Rxa2 Rxa2 25. Qc1 g5 26. h4 Qd8 27. Nc5 Bc8 28. Bd5 Bf5 29. Nxb7 Qc7 30. hxg5 Rc2 31. Qd1 hxg5 32. Bxg5 Nxb4 33. Bxf6 1-0

[Event "EU-chT Seniors 65"]
[Site "Swidnica"]
[Date "2025.04.12"]
[Round "8.13"]
[White "Rooze, Jan"]
[Black "Janocha, Wieslaw Adam"]
[Result "1-0"]
[WhiteElo "2198"]
[BlackElo "2186"]
[PlyCount "65"]
[EventDate "2025.04.05"]
[EventType "team-tourn"]
[EventRounds "9"]
[EventCountry "POL"]
[SourceTitle "CB16_2025"]
[SourceDate "2025.04.16"]
[SourceVersion "1"]
[SourceVersionDate "2025.04.16"]
[SourceQuality "1"]
[WhiteTeam "Belgium 65"]
[BlackTeam "Lower Silesia 65"]
[WhiteTeamCountry "BEL"]
[BlackTeamCountry "POL"]

1. e4 c5 2. Nf3 d6 3. Bb5+ Bd7 4. c4 g6 5. d4 cxd4 6. Qxd4 Nf6 7. e5 dxe5 8. Nxe5 Bxb5 9. Qxd8+ Kxd8 10. cxb5 Ke8 11. Nc3 e6 12. 0-0 Nbd7 13. Nxd7 Nxd7 14. Rd1 Nc5 15. Be3 Be7 16. Rac1 Rd8 17. Rxd8+ Kxd8 18. b4 Nd7 19. a3 b6 20. Ne2 Bf6 21. a4 Be7 22. Nd4 Nb8 23. Bf4 Bf6 24. Nxe6+ fxe6 25. Bxb8 Kd7 26. Rc7+ Kd6 27. Rb7+ Kd5 28. Bxa7 Ra8 29. a5 Kc4 30. Bxb6 Kxb4 31. g3 h5 32. Bc7 Bd4 33. a6 1-0

[Event "Wch Seniors 65 32nd"]
[Site "Porto Santo"]
[Date "2024.11.26"]
[Round "9"]
[White "Birnboim, Nathan"]
[Black "Rooze, Jan"]
[Result "1/2-1/2"]
[WhiteElo "2326"]
[BlackElo "2183"]
[PlyCount "112"]
[EventDate "2024.11.17"]
[EventType "swiss"]
[EventRounds "11"]
[EventCountry "POR"]
[SourceTitle "CB49_2024"]
[SourceDate "2024.12.04"]
[SourceVersion "1"]
[SourceVersionDate "2024.12.04"]
[SourceQuality "1"]

1. c4 c5 2. Nf3 Nf6 3. g3 b6 4. Bg2 Bb7 5. b3 g6 6. Bb2 Bg7 7. 0-0 0-0 8. Qc2 d6 9. Nc3 Nbd7 10. Rfe1 Rc8 11. Rad1 a6 12. Nh4 Rc7 13. d3 Qb8 14. e4 e6 15. Qe2 Ne5 16. d4 cxd4 17. Rxd4 Rd8 18. Red1 Ne8 19. f4 Nc6 20. R4d3 Rdc8 21. Qd2 b5 22. cxb5 Nb4 23. Re3 Nxa2 24. e5 dxe5 25. fxe5 Bh6 26. Nxa2 Rc2 27. Qd4 Rxb2 28. Qxb2 Bxe3+ 29. Kh1 axb5 30. Nb4 Ng7 31. Nd3 Qc7 32. g4 Qb6 33. Qe2 h5 34. Bxb7 Qxb7+ 35. Qg2 Qxg2+ 36. Nxg2 Bd4 37. h3 Rc3 38. b4 g5 39. Nge1 Kh7 40. Kg2 hxg4 41. hxg4 Rc4 42. Nf3 Bc3 43. Kg3 Kg6 44. Rb1 Ne8 45. Rh1 Re4 46. Rh8 Ng7 47. Rc8 Bxb4 48. Rb8 Bc3 49. Rxb5 Re3 50. Nf2 Be1 51. Rb1 Bxf2+ 52. Kxf2 Re4 53. Kg3 Re2 54. Rb5 Rc2 55. Rb8 Re2 56. Rf8 Rb2 1/2-1/2

[Event "Wch Seniors 65 32nd"]
[Site "Porto Santo"]
[Date "2024.11.20"]
[Round "4"]
[White "Marshall, Michael"]
[Black "Rooze, Jan"]
[Result "0-1"]
[WhiteElo "1840"]
[BlackElo "2183"]
[PlyCount "92"]
[EventDate "2024.11.17"]
[EventType "swiss"]
[EventRounds "11"]
[EventCountry "POR"]
[SourceTitle "CB49_2024"]
[SourceDate "2024.12.04"]
[SourceVersion "1"]
[SourceVersionDate "2024.12.04"]
[SourceQuality "1"]

1. d4 Nf6 2. Bf4 e6 3. e3 c5 4. Nf3 Nc6 5. c3 d5 6. Nbd2 Nh5 7. Bg5 f6 8. Bh4 g6 9. Bd3 cxd4 10. exd4 Be7 11. g4 Nf4 12. Bf1 e5 13. dxe5 fxe5 14. Bxe7 Qxe7 15. h3 0-0 16. Qb3 e4 17. 0-0-0 exf3 18. Nxf3 Be6 19. Nd4 Bf7 20. Bb5 Nxd4 21. Rxd4 Ne6 22. Rdd1 a6 23. Bf1 d4 24. Kb1 dxc3 25. Qxc3 Rac8 26. Qe5 Rc5 27. Qe3 Qc7 28. Bg2 Nf4 29. Be4 Re8 30. Qf3 b6 31. Rhe1 g5 32. Bf5 Rxe1 33. Rxe1 Re5 34. Rd1 Kg7 35. h4 h6 36. hxg5 hxg5 37. Rh1 Rxf5 38. gxf5 Bd5 39. Qd1 Be4+ 40. Ka1 Bxh1 41. Qxh1 Kf6 42. a3 Kxf5 43. Qb1+ Kf6 44. Qe4 Qc1+ 45. Ka2 Qc5 46. f3 Qd5+ 0-1

[Event "Rheinland Pfalz Seniors op 21st"]
[Site "Altenkirchen"]
[Date "2024.09.09"]
[Round "7"]
[White "Bohnstorff, Michael"]
[Black "Rooze, Jan"]
[Result "1-0"]
[WhiteElo "1998"]
[BlackElo "2235"]
[PlyCount "113"]
[EventDate "2024.09.03"]
[EventType "swiss"]
[EventRounds "9"]
[EventCountry "GER"]
[SourceTitle "EXT 2025"]
[Source "ChessBase"]
[SourceDate "2024.10.14"]
[SourceVersion "1"]
[SourceVersionDate "2024.10.14"]
[SourceQuality "1"]

1. d4 g6 2. Nf3 Bg7 3. c3 d6 4. Bf4 Nd7 5. e3 e5 6. Bg3 Ne7 7. e4 0-0 8. Bc4 exd4 9. Nxd4 Ne5 10. Bb3 a6 11. 0-0 Kh8 12. Nd2 Bg4 13. f3 Bd7 14. Nc4 N5c6 15. Bh4 Nxd4 16. cxd4 Qe8 17. Re1 Nc6 18. Bf2 b5 19. Na3 Na5 20. Rb1 Nxb3 21. Qxb3 Qb8 22. Qd3 d5 23. Nc2 c6 24. Ne3 Be6 25. exd5 cxd5 26. Rbc1 Rc8 27. Nf1 Rc4 28. b3 Rxc1 29. Rxc1 Qb6 30. Ng3 h5 31. Ne2 Qa5 32. Qb1 Re8 33. Qb2 Bf8 34. Be1 Qd8 35. Bg3 Bh6 36. Bf4 g5 37. Bg3 h4 38. Bf2 g4 39. f4 Bf5 40. g3 h3 41. Nc3 Bg7 42. Qd2 Qb6 43. Nxd5 Qb7 44. Rc5 Rd8 45. Ne3 Rxd4 46. Qc1 Bd7 47. Qc2 Qf3 48. Rh5+ Kg8 49. Rg5 Bc6 50. Rxg7+ Kxg7 51. Nf5+ Kg8 52. Nh6+ Kf8 53. Qc5+ Ke8 54. Qe5+ Kf8 55. Qh8+ Ke7 56. Nf5+ Kd7 57. Qxd4+ 1-0

[Event "Rheinland Pfalz Seniors op 21st"]
[Site "Altenkirchen"]
[Date "2024.09.08"]
[Round "6"]
[White "Rooze, Jan"]
[Black "Cichy, Michael"]
[Result "0-1"]
[WhiteElo "2235"]
[BlackElo "2058"]
[PlyCount "54"]
[EventDate "2024.09.03"]
[EventType "swiss"]
[EventRounds "9"]
[EventCountry "GER"]
[SourceTitle "EXT 2025"]
[Source "ChessBase"]
[SourceDate "2024.10.14"]
[SourceVersion "1"]
[SourceVersionDate "2024.10.14"]
[SourceQuality "1"]

1. e4 c5 2. Nf3 e6 3. c3 Nf6 4. e5 Nd5 5. d4 cxd4 6. cxd4 b6 7. Bd2 Bb7 8. Nc3 Nxc3 9. Bxc3 Bd5 10. Bd3 Be7 11. h4 f5 12. exf6 Bxf6 13. Ng5 Nc6 14. Bxh7 Qc7 15. Qh5+ Ke7 16. 0-0 Raf8 17. Rfe1 a5 18. Rad1 Nd8 19. Qg4 Nf7 20. Rc1 Qb8 21. f4 Nxg5 22. hxg5 Rxh7 23. gxf6+ gxf6 24. Rc2 Rg8 25. Qf5 Rgh8 26. Rce2 Kf7 27. Qg4 Rg7 0-1

[Event "WchT Seniors 65"]
[Site "Krakow"]
[Date "2024.07.07"]
[Round "6.2"]
[White "Rooze, Jan"]
[Black "Kasperek, Wieslaw"]
[Result "1-0"]
[WhiteElo "2222"]
[BlackElo "2009"]
[PlyCount "99"]
[EventDate "2024.07.02"]
[EventType "team-swiss"]
[EventRounds "9"]
[EventCountry "POL"]
[SourceTitle "CBM 221 Extra"]
[Source "ChessBase"]
[SourceDate "2024.09.30"]
[SourceVersion "1"]
[SourceVersionDate "2024.09.30"]
[SourceQuality "1"]
[WhiteTeam "Belgium 65"]
[BlackTeam "Poland Malopolska 65"]
[WhiteTeamCountry "BEL"]
[BlackTeamCountry "POL"]

1. e4 c5 2. Nf3 e6 3. c3 Nc6 4. d4 cxd4 5. cxd4 d5 6. e5 Bd7 7. Nc3 Bb4 8. Bd2 Bxc3 9. Bxc3 Nge7 10. Bd3 h6 11. h4 Qb6 12. Qd2 a5 13. 0-0 0-0 14. a3 f6 15. exf6 Rxf6 16. Ne5 Nxe5 17. dxe5 Rf7 18. Bd4 Qd8 19. Rac1 Nf5 20. Bxf5 Rxf5 21. g3 Bb5 22. Rfe1 Bc4 23. a4 Qe7 24. Re3 Qd8 25. b3 Ba6 26. Rc5 Rc8 27. Rec3 Rxc5 28. Rxc5 Qe8 29. Qd1 Qg6 30. Rxa5 Rf7 31. Rc5 Qe4 32. Rc8+ Rf8 33. Rxf8+ Kxf8 34. f3 Qg6 35. Kf2 Qe8 36. b4 Bc4 37. b5 Kg8 38. Qb1 Qd7 39. g4 Qe8 40. h5 Qe7 41. Kg3 Qe8 42. Qb4 Kh7 43. Qc5 Qd7 44. f4 Bd3 45. Qf8 Be4 46. g5 hxg5 47. fxg5 g6 48. h6 Bc2 49. a5 Ba4 50. b6 1-0

[Event "WchT Seniors 65"]
[Site "Krakow"]
[Date "2024.07.05"]
[Round "4.2"]
[White "Rooze, Jan"]
[Black "Orton, Stephen LA"]
[Result "1/2-1/2"]
[WhiteElo "2222"]
[BlackElo "2115"]
[PlyCount "79"]
[EventDate "2024.07.02"]
[EventType "team-swiss"]
[EventRounds "9"]
[EventCountry "POL"]
[SourceTitle "CBM 221 Extra"]
[Source "ChessBase"]
[SourceDate "2024.09.30"]
[SourceVersion "1"]
[SourceVersionDate "2024.09.30"]
[SourceQuality "1"]
[WhiteTeam "Belgium 65"]
[BlackTeam "England 65 III"]
[WhiteTeamCountry "BEL"]
[BlackTeamCountry "ENG"]

1. e4 c5 2. Nf3 Nc6 3. Bb5 d6 4. 0-0 Bd7 5. Re1 Nf6 6. h3 a6 7. Bxc6 Bxc6 8. e5 dxe5 9. Nxe5 Qd5 10. Nxc6 Qxc6 11. d3 e6 12. Nd2 Be7 13. Nc4 b5 14. Ne5 Qb7 15. a4 0-0 16. Qe2 Nd5 17. Qf3 b4 18. b3 Bf6 19. Bb2 Qc7 20. Re4 g6 21. Rae1 Bg7 22. Ba1 Rad8 23. Nc4 Bxa1 24. Rxa1 Qe7 25. Rae1 Qf6 26. Qg3 Qe7 27. Re5 Nf6 28. Qg5 Nd5 29. Qxe7 Nxe7 30. Rxc5 Nf5 31. Kf1 Nd4 32. Rc1 Rd5 33. Rxd5 exd5 34. Ne3 Rd8 35. Ke1 f5 36. Kd2 f4 37. Ng4 h5 38. Ne5 Re8 39. Re1 Rc8 40. Rc1 1/2-1/2

[Event "EU-chT Seniors 65"]
[Site "Terme Catez"]
[Date "2024.05.09"]
[Round "3.1"]
[White "Rooze, Jan"]
[Black "Ivanovic, Bozidar"]
[Result "1/2-1/2"]
[WhiteElo "2207"]
[BlackElo "2392"]
[PlyCount "84"]
[EventDate "2024.05.07"]
[EventType "team-swiss"]
[EventRounds "9"]
[EventCountry "SLO"]
[SourceTitle "CBM 220 Extra"]
[Source "ChessBase"]
[SourceDate "2024.07.31"]
[SourceVersion "1"]
[SourceVersionDate "2024.07.31"]
[SourceQuality "1"]
[WhiteTeam "Belgium 65"]
[BlackTeam "Montenegro 65"]
[WhiteTeamCountry "BEL"]
[BlackTeamCountry "MNE"]

1. e4 c5 2. Nf3 Nc6 3. Bb5 e6 4. 0-0 Nge7 5. Re1 a6 6. Bf1 d6 7. c3 Ne5 8. d4 Nxf3+ 9. Qxf3 Ng6 10. Rd1 cxd4 11. cxd4 Be7 12. Nc3 Bd7 13. b3 0-0 14. Bb2 Rc8 15. Bd3 Qa5 16. Ne2 Bb5 17. d5 Bxd3 18. Qxd3 e5 19. Bc3 Qd8 20. Qh3 Rc5 21. Bb4 Rc2 22. Qd3 Rc8 23. Bd2 Bg5 24. Rdc1 Bxd2 25. Qxd2 Qd7 26. Qb4 h5 27. h3 Nh4 28. Qd2 Qxh3 29. gxh3 Nf3+ 30. Kg2 Nxd2 31. f3 f5 32. exf5 Rxc1 33. Rxc1 e4 34. fxe4 Nxe4 35. Nd4 Nc5 36. Kg3 g6 37. fxg6 Ne4+ 38. Kh4 Rf4+ 39. Kxh5 Ng3+ 40. Kg5 Rxd4 41. Rc8+ Kg7 42. Rc7+ Kg8 1/2-1/2

[Event "BEL-chT 2324"]
[Site "Belgium"]
[Date "2024.02.04"]
[Round "7.4"]
[White "Beukema, Stefan"]
[Black "Rooze, Jan"]
[Result "1-0"]
[WhiteElo "2425"]
[BlackElo "2232"]
[PlyCount "65"]
[EventDate "2023.09.24"]
[EventType "team-tourn"]
[EventRounds "11"]
[EventCountry "BEL"]
[SourceTitle "EXT 2025"]
[Source "ChessBase"]
[SourceDate "2024.10.14"]
[SourceVersion "1"]
[SourceVersionDate "2024.10.14"]
[SourceQuality "1"]
[WhiteTeam "Wetteren"]
[BlackTeam "Mechelen"]
[WhiteTeamCountry "BEL"]
[BlackTeamCountry "BEL"]

1. c4 c5 2. g3 Nc6 3. Bg2 g6 4. Nc3 Bg7 5. Nf3 e6 6. 0-0 Nge7 7. a3 0-0 8. Rb1 d5 9. cxd5 exd5 10. Na4 b6 11. b4 cxb4 12. axb4 Bf5 13. d3 Qd7 14. b5 Nd4 15. Nxd4 Bxd4 16. Rb4 Bg7 17. Bb2 Bh3 18. Bxh3 Qxh3 19. Qa1 Bxb2 20. Nxb2 Rfc8 21. Nd1 Nf5 22. Nc3 Rc5 23. e3 Rac8 24. Ne2 g5 25. Qxa7 Qh5 26. g4 Qh4 27. Qd7 Ng7 28. Ng3 h5 29. Rd4 hxg4 30. Nf5 Nxf5 31. Qxf5 Qh7 32. Qxg5+ Qg7 33. Qf5 1-0

[Event "Wch Seniors 65 31st"]
[Site "Terassini"]
[Date "2023.11.05"]
[Round "11"]
[White "Rooze, Jan"]
[Black "Bagamasbad, Efren"]
[Result "1-0"]
[WhiteElo "2245"]
[BlackElo "2016"]
[PlyCount "67"]
[EventDate "2023.10.25"]
[EventType "swiss"]
[EventRounds "11"]
[EventCountry "ITA"]
[SourceTitle "CBM 217 Extra"]
[Source "ChessBase"]
[SourceDate "2024.01.31"]
[SourceVersion "1"]
[SourceVersionDate "2024.01.31"]
[SourceQuality "1"]

1. e4 g6 2. d4 Bg7 3. Nf3 d6 4. Be2 Nd7 5. 0-0 e6 6. c4 Ne7 7. Nc3 a6 8. Be3 b6 9. Qd2 h6 10. Rad1 Bb7 11. Rfe1 Nf6 12. Qc2 Qb8 13. h3 0-0 14. Bd3 g5 15. Nh2 e5 16. dxe5 dxe5 17. Nd5 Nc6 18. Qc1 Nh7 19. b4 Re8 20. h4 f6 21. a4 a5 22. b5 Nd8 23. hxg5 fxg5 24. c5 bxc5 25. Bxc5 Ne6 26. Ne7+ Kf7 27. Bc4 Rxe7 28. Bxe7 Kxe7 29. Qa3+ Kf6 30. Ng4+ Kg6 31. Bxe6 Bf8 32. Qf3 Qe8 33. Bf7+ Qxf7 34. Nxe5+ 1-0

[Event "Wch Seniors 65 31st"]
[Site "Terassini"]
[Date "2023.11.03"]
[Round "9"]
[White "Rooze, Jan"]
[Black "Campora, Daniel Hugo"]
[Result "0-1"]
[WhiteElo "2245"]
[BlackElo "2343"]
[PlyCount "64"]
[EventDate "2023.10.25"]
[EventType "swiss"]
[EventRounds "11"]
[EventCountry "ITA"]
[SourceTitle "CBM 217 Extra"]
[Source "ChessBase"]
[SourceDate "2024.01.31"]
[SourceVersion "1"]
[SourceVersionDate "2024.01.31"]
[SourceQuality "1"]

1. e4 e5 2. Nf3 Nc6 3. Bc4 Bc5 4. d3 Nf6 5. 0-0 d6 6. a4 a5 7. c3 0-0 8. Re1 Be6 9. b3 h6 10. Ra2 Re8 11. Bxe6 fxe6 12. Rae2 Ba7 13. Nbd2 Nh5 14. Nc4 Nf4 15. Bxf4 exf4 16. d4 Qd7 17. d5 Ne7 18. Nxa5 e5 19. Nc4 g5 20. h3 Kh7 21. Rd2 Ng8 22. Nh2 Qg7 23. Rd3 Qg6 24. Kf1 h5 25. Nd2 Nf6 26. g4 fxg3 27. Rxg3 Rg8 28. Ndf3 g4 29. Nh4 Qg5 30. Ng2 Raf8 31. h4 Qg6 32. Qc2 Nxe4 0-1

[Event "Wch Seniors 65 31st"]
[Site "Terassini"]
[Date "2023.10.27"]
[Round "3"]
[White "Roos, Jean Luc"]
[Black "Rooze, Jan"]
[Result "1/2-1/2"]
[WhiteElo "2156"]
[BlackElo "2245"]
[PlyCount "146"]
[EventDate "2023.10.25"]
[EventType "swiss"]
[EventRounds "11"]
[EventCountry "ITA"]
[SourceTitle "CBM 217 Extra"]
[Source "ChessBase"]
[SourceDate "2024.01.31"]
[SourceVersion "1"]
[SourceVersionDate "2024.01.31"]
[SourceQuality "1"]

1. e4 g6 2. d4 Bg7 3. Nf3 d6 4. Nc3 Nf6 5. Be2 0-0 6. 0-0 c6 7. a4 a5 8. Nd2 Na6 9. Nb3 Nb4 10. Be3 d5 11. e5 Ne8 12. Qd2 f6 13. f4 b6 14. Bf3 Bf5 15. Rac1 Qd7 16. h3 Nc7 17. Ne2 Rad8 18. Ng3 Be6 19. c3 Nba6 20. Ra1 Nb8 21. Nc1 Qe8 22. Nd3 Bc8 23. Rf2 Ba6 24. Be2 f5 25. b4 Ne6 26. h4 Bc4 27. Bd1 Nd7 28. Nb2 Ba6 29. Bb3 Nc7 30. c4 axb4 31. Qxb4 e6 32. a5 Rb8 33. cxd5 Nxd5 34. Bxd5 cxd5 35. Qd6 Rf7 36. axb6 Rxb6 37. Qc7 Bf8 38. h5 Qb8 39. Qxb8 Nxb8 40. hxg6 hxg6 41. Nd1 Rc7 42. Rb2 Rcb7 43. Rab1 Nd7 44. Kf2 Bb4 45. Ra1 Bc4 46. Bd2 Nc5 47. Bxb4 Nd3+ 48. Kg1 Nxb2 49. Bc5 Rb3 50. Nxb2 Rxb2 51. Ra8+ Rb8 52. Ra7 R2b7 53. Ra5 Rb3 54. Bd6 R8b7 55. Ra8+ Kf7 56. Kh2 Rd3 57. Bc5 Rd2 58. Kh3 Ra2 59. Rf8+ Kg7 60. Re8 Rbb2 61. Re7+ Kh8 62. Re8+ Kg7 63. Re7+ Kh6 64. Rxe6 Bd3 65. Bf8+ Kh7 66. Kh4 Rxg2 67. Re7+ Kg8 68. Bh6 Rg1 69. e6 Rh2+ 70. Kg5 Rxg3+ 71. Kf6 Rxh6 72. Re8+ Kh7 73. Re7+ Kg8 1/2-1/2

[Event "Wch Seniors 65 31st"]
[Site "Terassini"]
[Date "2023.10.26"]
[Round "2"]
[White "Rooze, Jan"]
[Black "Brongers, Henk"]
[Result "1-0"]
[WhiteElo "2245"]
[BlackElo "2075"]
[PlyCount "91"]
[EventDate "2023.10.25"]
[EventType "swiss"]
[EventRounds "11"]
[EventCountry "ITA"]
[SourceTitle "CBM 217 Extra"]
[Source "ChessBase"]
[SourceDate "2024.01.31"]
[SourceVersion "1"]
[SourceVersionDate "2024.01.31"]
[SourceQuality "1"]

1. e4 c6 2. Nc3 d5 3. Nf3 dxe4 4. Nxe4 Nf6 5. Qe2 Nxe4 6. Qxe4 Qa5 7. b4 Bf5 8. Qf4 Qd5 9. Bc4 Qe4+ 10. Qxe4 Bxe4 11. Bxf7+ Kxf7 12. Ng5+ Kg6 13. Nxe4 e6 14. h4 Na6 15. h5+ Kf7 16. a3 h6 17. Rh3 Nc7 18. Bb2 a5 19. Be5 Nd5 20. Rb1 axb4 21. axb4 b5 22. Rbb3 Bxb4 23. Rbf3+ Kg8 24. Bxg7 Rh7 25. Be5 Rd7 26. Rhg3+ Kh7 27. Rg6 Bf8 28. Rxe6 Re7 29. Rxe7+ Bxe7 30. Rf7+ Kg8 31. Rg7+ Kf8 32. Rh7 Ra4 33. f3 Ra2 34. Kd1 Nb4 35. Rxe7 Kxe7 36. Bd6+ Ke6 37. Bxb4 Ra1+ 38. Ke2 Kd5 39. Bf8 Rc1 40. Kd3 Rg1 41. g4 Rf1 42. Bxh6 Rxf3+ 43. Be3 Rh3 44. h6 Ke5 45. Ng5 Rh1 46. h7 1-0

[Event "BEL-chT 2324"]
[Site "Belgium"]
[Date "2023.10.15"]
[Round "2.5"]
[White "Deberdt, Joris"]
[Black "Rooze, Jan"]
[Result "1-0"]
[WhiteElo "2123"]
[BlackElo "2244"]
[PlyCount "89"]
[EventDate "2023.09.24"]
[EventType "team-tourn"]
[EventRounds "11"]
[EventCountry "BEL"]
[SourceTitle "EXT 2025"]
[Source "ChessBase"]
[SourceDate "2024.10.14"]
[SourceVersion "1"]
[SourceVersionDate "2024.10.14"]
[SourceQuality "1"]
[WhiteTeam "Jean Jaures Ghent"]
[BlackTeam "Mechelen"]
[WhiteTeamCountry "BEL"]
[BlackTeamCountry "BEL"]

1. e4 c5 2. d3 Nc6 3. g3 g6 4. Bg2 Bg7 5. Ne2 d6 6. Nbc3 Rb8 7. Be3 Nd4 8. 0-0 e6 9. f4 Ne7 10. Qd2 0-0 11. g4 f5 12. gxf5 exf5 13. Bxd4 cxd4 14. Nb5 Nc6 15. Ng3 a6 16. Na3 fxe4 17. Nxe4 d5 18. Ng5 Ne7 19. c4 h6 20. Nf3 Kh7 21. Ne5 Be6 22. Rae1 Bg8 23. c5 Nf5 24. Nc2 Qc7 25. b4 Rbe8 26. Nf3 a5 27. a3 axb4 28. axb4 Ne3 29. Nxe3 dxe3 30. Rxe3 Qxf4 31. Rxe8 Qxd2 32. Nxd2 Rxe8 33. Nb3 Ra8 34. Rb1 Ra4 35. Na5 Bd4+ 36. Kf1 Bxc5 37. bxc5 Rxa5 38. Rxb7+ Kh8 39. c6 Ra1+ 40. Kf2 Ra2+ 41. Kg3 Rd2 42. c7 Rxd3+ 43. Kf4 Rc3 44. Bh3 g5+ 45. Ke5 1-0

[Event "WchT Seniors 65"]
[Site "Struga"]
[Date "2023.09.28"]
[Round "9.1"]
[White "Burchardt, Brigitte"]
[Black "Rooze, Jan"]
[Result "0-1"]
[WhiteElo "2153"]
[BlackElo "2244"]
[PlyCount "110"]
[EventDate "2023.09.19"]
[EventType "team-swiss"]
[EventRounds "9"]
[EventCountry "MKD"]
[SourceTitle "CBM 216 Extra"]
[Source "ChessBase"]
[SourceDate "2023.11.30"]
[SourceVersion "1"]
[SourceVersionDate "2023.11.30"]
[SourceQuality "1"]
[WhiteTeam "Germany 65 (W)"]
[BlackTeam "Belgium 65"]
[WhiteTeamCountry "GER"]
[BlackTeamCountry "BEL"]

1. e4 c5 2. Nc3 Nc6 3. g3 g6 4. Bg2 Bg7 5. d3 d6 6. Be3 Rb8 7. Qd2 Nd4 8. Nd1 e5 9. c3 Ne6 10. Ne2 h5 11. d4 h4 12. dxe5 dxe5 13. Qxd8+ Kxd8 14. f4 b6 15. 0-0 Ba6 16. Rf2 hxg3 17. hxg3 Nf6 18. f5 gxf5 19. exf5 Nf8 20. Bg5 N8h7 21. Bh4 Ke8 22. c4 Ng4 23. Bc6+ Kf8 24. Rg2 Bxc4 25. Nec3 Bf6 26. b3 Bd3 27. Bf3 Bxf5 28. Bxg4 Bxg4 29. Ne3 Be6 30. Rh2 Bxh4 31. Rxh4 Kg7 32. Rf1 Nf6 33. Ra4 Rh3 34. Kg2 a5 35. Nf5+ Bxf5 36. Rxf5 Rbh8 37. Rxe5 Rh1 38. Rg5+ Kf8 39. Rf4 R8h2+ 40. Kf3 Rf1+ 41. Ke3 Rxf4 42. Kxf4 Rf2+ 43. Ke3 Rc2 44. Na4 Rxa2 45. Kd3 Ra3 46. Kc2 c4 47. Nxb6 Ra2+ 48. Kc1 cxb3 49. Rb5 a4 50. Rb4 Rc2+ 51. Kb1 Re2 52. Nxa4 Ne4 53. g4 Kg7 54. Kc1 Rc2+ 55. Kd1 Nf2+ 0-1

[Event "EU-ch Seniors 65 22nd"]
[Site "Acqui Terme"]
[Date "2023.05.29"]
[Round "4"]
[White "Kierzek, Matthias"]
[Black "Rooze, Jan"]
[Result "1-0"]
[WhiteElo "2163"]
[BlackElo "2268"]
[PlyCount "87"]
[EventDate "2023.05.26"]
[EventType "swiss"]
[EventRounds "9"]
[EventCountry "ITA"]
[SourceTitle "CBM 214 Extra"]
[Source "ChessBase"]
[SourceDate "2023.07.31"]
[SourceVersion "1"]
[SourceVersionDate "2023.07.31"]
[SourceQuality "1"]

1. d4 Nf6 2. c4 e6 3. Nf3 Bb4+ 4. Bd2 Bxd2+ 5. Qxd2 0-0 6. Nc3 d5 7. e3 b6 8. cxd5 Nxd5 9. Rc1 Bb7 10. Be2 Nd7 11. 0-0 c5 12. Rfd1 Qe7 13. a3 Rfd8 14. Rc2 cxd4 15. Nxd4 Nc5 16. Qc1 Qg5 17. Bf3 Nb3 18. Ne4 Nxc1 19. Nxg5 Na2 20. Ra1 e5 21. Nb3 h6 22. Ne4 f5 23. Ned2 Rac8 24. Rxc8 Rxc8 25. Rxa2 a5 26. Ra1 a4 27. Bxd5+ Bxd5 28. Rc1 Rd8 29. Na1 Bxg2 30. Kxg2 Rxd2 31. Nc2 Kh7 32. Kf1 f4 33. exf4 exf4 34. Ke1 Rd3 35. Nb4 Rh3 36. Nd5 Rxh2 37. Nxb6 Rh1+ 38. Kd2 Rxc1 39. Kxc1 h5 40. Kd1 h4 41. Ke1 g5 42. Nxa4 g4 43. Kf1 h3 44. Kg1 1-0

[Event "EU-ch Seniors 65 22nd"]
[Site "Acqui Terme"]
[Date "2023.05.28"]
[Round "3"]
[White "Rooze, Jan"]
[Black "Ubezio, Marco"]
[Result "1-0"]
[WhiteElo "2268"]
[BlackElo "2112"]
[PlyCount "61"]
[EventDate "2023.05.26"]
[EventType "swiss"]
[EventRounds "9"]
[EventCountry "ITA"]
[SourceTitle "CBM 214 Extra"]
[Source "ChessBase"]
[SourceDate "2023.07.31"]
[SourceVersion "1"]
[SourceVersionDate "2023.07.31"]
[SourceQuality "1"]

1. e4 e5 2. Nf3 Nf6 3. Nc3 Nc6 4. Bb5 Nd4 5. 0-0 Nxb5 6. Nxb5 Nxe4 7. Re1 d5 8. d3 Nd6 9. Nxe5 Be7 10. Nd4 0-0 11. Nec6 bxc6 12. Nxc6 Qd7 13. Nxe7+ Kh8 14. Nxd5 Bb7 15. Nc3 Rae8 16. Bf4 Rxe1+ 17. Qxe1 Qg4 18. Bg3 Nf5 19. Qe5 Bxg2 20. Kxg2 Nh4+ 21. Kf1 Qh3+ 22. Ke2 Qg4+ 23. Ke3 Nf3 24. Qe4 f5 25. Qxg4 fxg4 26. Ne4 h5 27. c4 c6 28. Rh1 g5 29. h3 gxh3 30. Rxh3 h4 31. Bxh4 1-0

[Event "BEL-chT 2223"]
[Site "Belgium"]
[Date "2023.01.29"]
[Round "6.5"]
[White "Rooze, Jan"]
[Black "Grochal, Joey"]
[Result "1/2-1/2"]
[WhiteElo "2246"]
[BlackElo "2262"]
[PlyCount "40"]
[EventDate "2022.09.25"]
[EventType "team-tourn"]
[EventRounds "11"]
[EventCountry "BEL"]
[SourceTitle "CBM 213 Extra"]
[Source "ChessBase"]
[SourceDate "2023.05.31"]
[SourceVersion "1"]
[SourceVersionDate "2023.05.31"]
[SourceQuality "1"]
[WhiteTeam "Mechelen"]
[BlackTeam "Wachtebeke"]
[WhiteTeamCountry "BEL"]
[BlackTeamCountry "BEL"]

1. e4 c5 2. Nf3 e6 3. d4 cxd4 4. Nxd4 Nc6 5. Nc3 Qc7 6. Be3 a6 7. Qf3 b5 8. Qg3 Qxg3 9. hxg3 Bb7 10. Nxc6 Bxc6 11. Bd3 Nf6 12. f3 d5 13. exd5 Nxd5 14. Nxd5 Bxd5 15. a4 b4 16. Bd4 h6 17. Kf2 f6 18. Bg6+ Kd7 19. Rhd1 Bd6 20. Be3 Rhc8 1/2-1/2